000 00288nam a2200109 4500
008 180219b xxu||||| |||| 00| 0 eng d
245 _a1.7 M drug users in Phl- DDB.
260 _aPhilippines
_bThe Philippine Star
_cc2016
300 _apage 12.
650 0 _926646
_aDrugs.
942 _2ddc
_cPER
999 _c8745
_d8745